• 首页
  • 本馆介绍
  • 公告通知
  • 最新文献
  • 馆藏检索
  • 电子资源
  • 读者导购
  • 参考咨询
  • 我的图书馆
  • 登录
  • 详细信息显示
  • 放入我的书架
  • 预约/预借图书
  • 作者相关作品
  • 分类相关作品
  • 丛书相关作品
  • 出版社相关作品

书目信息

  • 表格格式
  • 工作单格式
  • 卡片格式
题名:
中国文化产业振兴之路
    
 
作者: 陈伯君 著
分册:  
出版信息: 北京   中央编译出版社  2009
页数: 220页
开本: 24cm
丛书名:
单 册:
中图分类: G124
科图分类:
主题词: 文化--产业--研究--中国 , 文化 , 产业
电子资源:
ISBN: 978-7-5117-0122-0
000 01138nam0 2200277 45
001 1029974753
005 20100428151037.29
010    @a978-7-5117-0122-0@dCNY32.00
100    @a20100420d2009 em y0chiy50 ea
101 0  @achi
102    @aCN@b110000
105    @aa z 000yy
106    @ar
200 1  @a中国文化产业振兴之路@AZhong Guo Wen Hua Chan Ye Zhen Xing Zhi Lu@e走进金手指@EZou Jin Jin Shou Zhi@f陈伯君著@FChen Bo Jun Zhu
210    @a北京@c中央编译出版社@d2009
215    @a220页@c照片@d24cm
300    @a中共四川省政委政策研究室2008年重大调研项目 四川省哲学社会科学重点学术著作出版2008年资助项目
330    @a本书力求理清文化强国、体制改革、民营文化企业三者的内在关系,采用解剖标本案例的方式,在文化体制改革跌宕起伏的大潮中,如何通过自己的实践证实民营文产企业是中国文化强国路上不可或缺的生力军,如何通过对实践的总结和理论创新为中国文化价值影响世界贡献新经验。
517 1  @a走进金手指@AZou Jin Jin Shou Zhi
606 0  @a文化@x产业@x研究@y中国
606 0  @a文化
606 0  @a产业
690    @aG124@v4
701  0 @a陈伯君@AChen Bo Jun@4著
801  0 @aCN@bTANGWEI@c20100428
905    @b0595146-50@dG124@e109@f5
    
    中国文化产业振兴之路:走进金手指/陈伯君著.-北京:中央编译出版社,2009
    220页:照片;24cm
    中共四川省政委政策研究室2008年重大调研项目 四川省哲学社会科学重点学术著作出版2008年资助项目
    
    ISBN 978-7-5117-0122-0:CNY32.00
    本书力求理清文化强国、体制改革、民营文化企业三者的内在关系,采用解剖标本案例的方式,在文化体制改革跌宕起伏的大潮中,如何通过自己的实践证实民营文产企业是中国文化强国路上不可或缺的生力军,如何通过对实践的总结和理论创新为中国文化价值影响世界贡献新经验。
●
相关链接 在E读中查询图书 在五车中查询图书 在当当中查询图书 在豆瓣中查询图书


正题名:中国文化产业振兴之路     索取号:G124/109         预约/预借

序号 登录号 条形码 馆藏地/架位号 状态 备注
1 0595146   205951460   第一样本阅览室/ [索取号:G124/109] 在馆    
2 0595147   205951479   第四借阅区/ [索取号:G124/109] 在馆    
3 0595148   205951488   第四借阅区/ [索取号:G124/109] 在馆    
4 0595149   205951497   第四借阅区/ [索取号:G124/109] 在馆    
5 0595150   205951503   第四借阅区/ [索取号:G124/109] 在馆    
唐山师范学院图书馆 欢迎您!
大连网信软件有限公司© 版权所有